[Event "SVK-chT3A2 1516"]
[Site "Slovakia"]
[Date "2016.03.20"]
[Round "10.5"]
[White "Krist, Milan"]
[Black "Likavska, Barbora"]
[Result "1/2-1/2"]
[WhiteElo "1859"]
[BlackElo "1870"]
[PlyCount "47"]
[EventDate "2015.10.11"]
[EventType "team-tourn"]
[EventRounds "11"]
[EventCountry "SVK"]
[SourceTitle "EXT 2020"]
[Source "ChessBase"]
[SourceDate "2019.10.17"]
[SourceVersion "1"]
[SourceVersionDate "2019.10.17"]
[SourceQuality "1"]
[WhiteTeam "Trnava Lokomotiva III"]
[BlackTeam "Senica CVC"]
[WhiteTeamCountry "SVK"]
[BlackTeamCountry "SVK"]

1. d4 Nf6 2. c4 d6 3. Nc3 g6 4. e4 Bg7 5. Nf3 0-0 6. Bd3 e5 7. dxe5 dxe5 8. 0-0 c6 9. Bg5 Qc7 10. h3 Be6 11. Qc2 Na6 12. a3 Nc5 13. Be2 b6 14. Rfd1 Rfd8 15. Rac1 Rd7 16. Rxd7 Nfxd7 17. Rd1 f5 18. b4 Nb7 19. Qd2 Nf6 20. Bxf6 Bxf6 21. Qc1 Rd8 22. Kf1 Rxd1+ 23. Qxd1 Qd6 24. Qxd6 1/2-1/2

[Event "SVK-chT4A21 1314"]
[Site "Slovakia"]
[Date "2014.02.23"]
[Round "9.3"]
[White "Likavska, Barbora"]
[Black "Kubik, Peter"]
[Result "1/2-1/2"]
[WhiteElo "1870"]
[BlackElo "1824"]
[PlyCount "38"]
[EventDate "2013.10.06"]
[EventType "team-tourn"]
[EventRounds "11"]
[EventCountry "SVK"]
[SourceTitle "EXT 2022"]
[Source "ChessBase"]
[SourceDate "2021.10.06"]
[SourceVersion "1"]
[SourceVersionDate "2021.10.06"]
[SourceQuality "1"]
[WhiteTeam "Brezova"]
[BlackTeam "Skalica II"]
[WhiteTeamCountry "SVK"]
[BlackTeamCountry "SVK"]

1. d4 d5 2. c4 Nf6 3. Nf3 Bf5 4. e3 e6 5. Nc3 Be7 6. Be2 0-0 7. cxd5 Nxd5 8. Nxd5 exd5 9. 0-0 Nc6 10. a3 Re8 11. b4 a6 12. Bb2 Bd6 13. Rc1 Qf6 14. Bd3 Bg4 15. Be2 Qh6 16. Ne5 Bf5 17. g3 Bh3 18. Re1 Re6 19. Bf3 Ne7 1/2-1/2

[Event "Brezova op"]
[Site "Brezova pod Bradlom"]
[Date "2009.08.29"]
[Round "9"]
[White "Likavska, Barbora"]
[Black "Jozefek, Michal"]
[Result "1-0"]
[WhiteElo "1887"]
[BlackElo "1940"]
[PlyCount "51"]
[EventDate "2009.08.22"]
[EventType "swiss"]
[EventRounds "9"]
[EventCountry "SVK"]
[SourceTitle "CBM 132 Extra"]
[Source "ChessBase"]
[SourceDate "2009.11.03"]
[SourceVersion "1"]
[SourceVersionDate "2009.11.03"]
[SourceQuality "1"]

1. d4 Nf6 2. c4 g6 3. Nc3 Bg7 4. e4 d6 5. f3 0-0 6. Be3 Nc6 7. d5 Ne5 8. Bd3 e6 9. Nge2 exd5 10. cxd5 Re8 11. 0-0 a6 12. Rc1 b5 13. b4 Nfd7 14. Qd2 Nxd3 15. Qxd3 Ne5 16. Qc2 Nc4 17. Bf2 Bh6 18. Rcd1 Ne3 19. Bxe3 Bxe3+ 20. Kh1 Qh4 21. Nb1 Bb6 22. Qc6 Kf8 23. Qxa8 Bh3 24. Qc6 Bxg2+ 25. Kxg2 Re5 26. Ng3 1-0

[Event "Brezova op"]
[Site "Brezova pod Bradlom"]
[Date "2009.08.23"]
[Round "3"]
[White "Likavska, Barbora"]
[Black "Mrva, Vladimir"]
[Result "0-1"]
[WhiteElo "1887"]
[BlackElo "2150"]
[PlyCount "106"]
[EventDate "2009.08.22"]
[EventType "swiss"]
[EventRounds "9"]
[EventCountry "SVK"]
[SourceTitle "CBM 132 Extra"]
[Source "ChessBase"]
[SourceDate "2009.11.03"]
[SourceVersion "1"]
[SourceVersionDate "2009.11.03"]
[SourceQuality "1"]

1. d4 Nf6 2. c4 e6 3. Nc3 Bb4 4. e3 c5 5. Nge2 cxd4 6. exd4 d5 7. a3 Be7 8. cxd5 exd5 9. g3 Bg4 10. Bg2 Qd7 11. 0-0 Na6 12. Qb3 Bxe2 13. Nxe2 0-0 14. Nc3 Rfd8 15. Bg5 Nc7 16. Rac1 h6 17. Bf4 Bd6 18. Bxd6 Qxd6 19. Rc2 Ne6 20. Ne2 b6 21. Rfc1 Qd7 22. Rc6 Ng5 23. Qc2 Qg4 24. Nf4 Nf3+ 25. Bxf3 Qxf3 26. Qe2 Qxe2 27. Nxe2 Re8 28. R1c2 Re7 29. Rc7 Rae8 30. Rxe7 Rxe7 31. Rc8+ Kh7 32. Rc2 g5 33. h3 h5 34. Kf1 Kg7 35. b4 Ne4 36. a4 Nd6 37. a5 bxa5 38. bxa5 Nc4 39. a6 Rc7 40. Ra2 Nb6 41. Ke1 Rc4 42. Kd2 Rb4 43. Kc2 Kf6 44. g4 h4 45. Ra1 Nc4 46. Ra2 Ke6 47. f4 f6 48. fxg5 fxg5 49. Nc3 Nd6 50. Ra5 Rxd4 51. Rc5 Rc4 52. Ra5 Ne4 53. Ra3 d4 0-1